Współczesne państwa Imperium Japońskiego na mapie - Statystyki

Ogólne statystyki
  • Ten quiz został rozwiązany 14 896 razy
  • Średni wynik to 19 z 23
Odpowiedzi na mapie
Odpowiedzi zakodowano w zielono-czerwonej skali na mapie do tego quizu, zgodnie z poniższymi procentami.
 
Statystyki odpowiedzi
Państwo % Poprawnych
Chiny
99%
Japonia
99%
Indonezja
98%
Korea Północna
98%
Korea Południowa
98%
Wietnam
95%
Filipiny
94%
Papua-Nowa Gwinea
91%
Tajwan
91%
Laos
90%
Malezja
89%
Kambodża
88%
Rosja (wyspa Sachalin)
88%
Mjanma
87%
Timor Wschodni
75%
Mikronezja
73%
Singapur
72%
Wyspy Marshalla
66%
Wyspy Salomona
66%
Brunei
64%
Kiribati
62%
Palau
62%
Nauru
59%
Nie znaleziono quizów pasujących do podanych kryteriów
Rozkład punktacji
Procent ludzi z każdym wynikiem
Percentyl według liczby udzielonych odpowiedzi
Twoja historia wyników
Nie rozwiązałeś tego quizu